| 000 | 01197nam2a22002651 4500 | ||
|---|---|---|---|
| 001 | rc\4151383 | ||
| 005 | 20250611111446.0 | ||
| 021 |
_aRU _b[51-25239] |
||
| 035 | _a(NLR Aleph) 008170067 | ||
| 090 |
_a7848757 _c7848757 |
||
| 100 | _a20130415d1951 |||y0rusy50 ca | ||
| 101 | 0 | _arus | |
| 102 | _aRU | ||
| 105 | _aa z ||||| | ||
| 200 | 1 | _aПалубные механизмы | |
| 210 |
_a[Ленинград] _cСудпромгиз _d1951 |
||
| 215 |
_a256 с., 1 л. черт. _cил. |
||
| 461 | 0 |
_1001rc\4151382 _12001#$aСудовые вспомогательные механизмы$e[Учеб. пособие для кораблестроит. вузов]$eЧ. 1-$vЧ. 1 _97848752 _c[Ленинград] _d1951 _nСудпромгиз _o[Учеб. пособие для кораблестроит. вузов] : Ч. 1- _tСудовые вспомогательные механизмы _vЧ. 1 |
|
| 606 |
_aПалубные механизмы _jУчебники и пособия (ч. 1) _2psbo |
||
| 700 | 1 |
_aСурвилло _bВ.Л. _gВладимир Людвигович |
|
| 801 | 0 |
_aRU _bNLR _gpsbo |
|
| 801 | 1 |
_aRU _bELAR _2rusmarc |
|
| 852 |
_aNLR _jТ90 Г-7/91 |
||
| 942 | _cBOOK | ||
| 980 | _aNB | ||